| 000 | 00545nam a2200181Ia 4500 | ||
|---|---|---|---|
| 003 | GCL | ||
| 008 | 140319s9999 xx 000 0 ara d | ||
| 040 |
_aGCL / _cGCL |
||
| 082 | 0 | 4 |
_a349.2 _bع ق |
| 100 | 1 | _aعمرو فؤاد بركات | |
| 245 | 1 | 0 |
_aالقوانين الاساسية (دراسة مقارنة) / _cعمرو فؤاد بركات |
| 260 |
_a[S.N] : _bفؤاد هاشم الكتبى ، _c1988 |
||
| 300 | _a157 ص | ||
| 490 | _a | ||
| 650 | 0 | 4 | _aالقانون |
| 650 | 0 | 4 | _aالقانون الدستورى |
| 942 |
_2ddc _cBK |
||
| 999 |
_c55663 _d55663 |
||